Cele mai mari orașe din Turcia cu hartă - Statistics

General Stats
  • This quiz has been taken 10 times
  • The average score is 7 of 20
Answers on the Map
Answers color-coded by a green-red scale on the quiz's map according to % correct below.
 
Answer Stats
Populație Oraș % Correct
5.04 mil. Ankara
100%
15.1 mil. Istanbul
100%
2.96 mil. İzmir
100%
1.24 mil. Antalya
67%
617 mii Samsun
67%
497 mii Van
67%
1.74 mil. Adana
33%
525 mii Adapazarı
33%
1.04 mil. Diyarbakır
33%
765 mii Eskişehir
33%
1.67 mil. Gaziantep
33%
1.30 mil. Konya
33%
1.97 mil. Bursa
0%
623 mii Denizli
0%
708 mii Gebze
0%
538 mii Kahramanmaraş
0%
955 mii Kayseri
0%
475 mii Malatya
0%
996 mii Mersin
0%
577 mii Şanlıurfa
0%
No matching quizzes found
Score Distribution
Percent of People with Each Score
Percentile by Number Answered
Your Score History
You have not taken this quiz